Titelliste von The Beatles 1962-1966 ("Rotes Album") - Statistiken

Allgemein
  • Dieses Quiz wurde 107 mal gespielt
  • Das Durchschnittsergebnis liegt bei 9 aus 26
Antwortstatistiken
Antwort % Korrekt
Help!
73%
Love Me Do
67%
She Loves You
62%
A Hard Day's Night
55%
Please Please Me
53%
Yellow Submarine
48%
Eleanor Rigby
43%
I Want To Hold Your Hand
43%
Eight Days A Week
42%
Michelle
35%
All My Loving
33%
Day Tripper
32%
Drive My Car
32%
From Me To You
32%
Norwegian Wood (This Bird Has Flown)
32%
Can't Buy Me Love
30%
Ticket To Ride
30%
Paperback Writer
27%
Nowhere Man
25%
Girl
22%
In My Life
22%
And I Love Her
18%
We Can Work It Out
17%
You've Got To Hide Your Love Away
17%
I Fell Fine
5%
Yesteday
3%
Keine übereinstimmenden Quizze gefunden
Verteilung der Resultate
Anzahl Personen mit jedem Resultat
Perzentil nach korrekt beantworteten Fragen
Ihre Resultats-Entwicklung
Sie haben dieses Quiz noch nicht gespielt